<?xml version="1.0" encoding="UTF-8"?>
<record
    xmlns:xsi="http://www.w3.org/2001/XMLSchema-instance"
    xsi:schemaLocation="http://www.loc.gov/MARC21/slim http://www.loc.gov/standards/marcxml/schema/MARC21slim.xsd"
    xmlns="http://www.loc.gov/MARC21/slim">

  <leader>01138nam a22002777a 4500</leader>
  <controlfield tag="005">20180301102924.0</controlfield>
  <datafield tag="010" ind1=" " ind2=" ">
    <subfield code="a">1617EN ENG-117471</subfield>
  </datafield>
  <datafield tag="020" ind1=" " ind2=" ">
    <subfield code="c">1195.00</subfield>
    <subfield code="a">9780198787334</subfield>
  </datafield>
  <datafield tag="020" ind1=" " ind2=" ">
    <subfield code="c">1295.00 (AV)</subfield>
    <subfield code="a">9780198787334</subfield>
  </datafield>
  <datafield tag="035" ind1=" " ind2=" ">
    <subfield code="a">B-650160-170</subfield>
  </datafield>
  <datafield tag="035" ind1=" " ind2=" ">
    <subfield code="a">EN-101003</subfield>
  </datafield>
  <datafield tag="035" ind1=" " ind2=" ">
    <subfield code="a">B-664936</subfield>
  </datafield>
  <datafield tag="037" ind1=" " ind2=" ">
    <subfield code="b">Uppal</subfield>
    <subfield code="a">dpl</subfield>
  </datafield>
  <datafield tag="037" ind1=" " ind2=" ">
    <subfield code="b">DBAD/PUB</subfield>
  </datafield>
  <datafield tag="082" ind1=" " ind2=" ">
    <subfield code="a">342.54</subfield>
  </datafield>
  <datafield tag="245" ind1=" " ind2=" ">
    <subfield code="a">The oxford handbook of the Indian constitution /  </subfield>
    <subfield code="c">edited by Sujit Choudhry, Madhav khosla [and] Pratap Bhanu Mehta</subfield>
  </datafield>
  <datafield tag="260" ind1=" " ind2=" ">
    <subfield code="a">New Delhi</subfield>
    <subfield code="b">Oxford University Press</subfield>
    <subfield code="c">2016</subfield>
  </datafield>
  <datafield tag="270" ind1=" " ind2=" ">
    <subfield code="a">YMCA Library Building, 1, Jai Singh Road, </subfield>
    <subfield code="b">New Delhi</subfield>
    <subfield code="e">110001</subfield>
  </datafield>
  <datafield tag="300" ind1=" " ind2=" ">
    <subfield code="a">1048p. </subfield>
    <subfield code="c">24cm(pbk)</subfield>
  </datafield>
  <datafield tag="700" ind1=" " ind2=" ">
    <subfield code="a">Choudhry, Sujit </subfield>
  </datafield>
  <datafield tag="700" ind1=" " ind2=" ">
    <subfield code="a"> Khosla, Madhav</subfield>
  </datafield>
  <datafield tag="700" ind1=" " ind2=" ">
    <subfield code="a">Mehta, Pratap Bhanu </subfield>
  </datafield>
  <datafield tag="942" ind1=" " ind2=" ">
    <subfield code="2">ddc</subfield>
    <subfield code="c">EN</subfield>
    <subfield code="h">342.54</subfield>
    <subfield code="m">OXF</subfield>
  </datafield>
  <datafield tag="999" ind1=" " ind2=" ">
    <subfield code="c">101822</subfield>
    <subfield code="d">101822</subfield>
  </datafield>
  <datafield tag="952" ind1=" " ind2=" ">
    <subfield code="0">0</subfield>
    <subfield code="1">0</subfield>
    <subfield code="4">0</subfield>
    <subfield code="7">0</subfield>
    <subfield code="8">NFIC</subfield>
    <subfield code="a">BL4</subfield>
    <subfield code="b">BL4</subfield>
    <subfield code="d">2017-03-09</subfield>
    <subfield code="e">DBAD/PUB</subfield>
    <subfield code="g">1195.00</subfield>
    <subfield code="l">4</subfield>
    <subfield code="m">1</subfield>
    <subfield code="o">342.54 THE</subfield>
    <subfield code="p">EN-101003</subfield>
    <subfield code="r">2026-06-19 15:06:55</subfield>
    <subfield code="s">2026-05-26</subfield>
    <subfield code="t">1</subfield>
    <subfield code="v">1195.00</subfield>
    <subfield code="y">EN</subfield>
  </datafield>
  <datafield tag="952" ind1=" " ind2=" ">
    <subfield code="0">0</subfield>
    <subfield code="1">0</subfield>
    <subfield code="4">0</subfield>
    <subfield code="7">0</subfield>
    <subfield code="8">NFIC</subfield>
    <subfield code="a">L</subfield>
    <subfield code="b">L</subfield>
    <subfield code="d">2017-03-16</subfield>
    <subfield code="e">BPPD/EN/2016-17/307/24.11.2016/13893/05.12.2016/02.01.2017</subfield>
    <subfield code="g">1195.00</subfield>
    <subfield code="l">23</subfield>
    <subfield code="m">23</subfield>
    <subfield code="o">342.54 OXF</subfield>
    <subfield code="p">B-650160</subfield>
    <subfield code="r">2026-01-10 00:00:00</subfield>
    <subfield code="s">2025-12-26</subfield>
    <subfield code="t">1</subfield>
    <subfield code="v">1195.00</subfield>
    <subfield code="y">EN</subfield>
  </datafield>
  <datafield tag="952" ind1=" " ind2=" ">
    <subfield code="0">0</subfield>
    <subfield code="1">0</subfield>
    <subfield code="4">0</subfield>
    <subfield code="7">0</subfield>
    <subfield code="8">NFIC</subfield>
    <subfield code="a">NPL</subfield>
    <subfield code="b">NPL</subfield>
    <subfield code="d">2017-03-16</subfield>
    <subfield code="e">BPPD/EN/2016-17/307/24.11.2016/13893/05.12.2016/02.01.2017</subfield>
    <subfield code="g">1195.00</subfield>
    <subfield code="l">0</subfield>
    <subfield code="o">342.54 OXF</subfield>
    <subfield code="p">B-650161</subfield>
    <subfield code="r">2017-03-16 00:00:00</subfield>
    <subfield code="t">1</subfield>
    <subfield code="v">1195.00</subfield>
    <subfield code="y">EN</subfield>
  </datafield>
  <datafield tag="952" ind1=" " ind2=" ">
    <subfield code="0">0</subfield>
    <subfield code="1">0</subfield>
    <subfield code="4">0</subfield>
    <subfield code="7">0</subfield>
    <subfield code="8">NFIC</subfield>
    <subfield code="a">BL1</subfield>
    <subfield code="b">BL1</subfield>
    <subfield code="d">2017-03-16</subfield>
    <subfield code="e">BPPD/EN/2016-17/307/24.11.2016/13893/05.12.2016/02.01.2017</subfield>
    <subfield code="g">1195.00</subfield>
    <subfield code="l">20</subfield>
    <subfield code="m">25</subfield>
    <subfield code="o">342.54 OXF</subfield>
    <subfield code="p">B-650162</subfield>
    <subfield code="r">2021-04-06 00:00:00</subfield>
    <subfield code="s">2021-02-23</subfield>
    <subfield code="t">1</subfield>
    <subfield code="v">1195.00</subfield>
    <subfield code="y">EN</subfield>
  </datafield>
  <datafield tag="952" ind1=" " ind2=" ">
    <subfield code="0">0</subfield>
    <subfield code="1">0</subfield>
    <subfield code="4">0</subfield>
    <subfield code="7">0</subfield>
    <subfield code="8">NFIC</subfield>
    <subfield code="a">KGM</subfield>
    <subfield code="b">KGM</subfield>
    <subfield code="d">2017-03-16</subfield>
    <subfield code="e">BPPD/EN/2016-17/307/24.11.2016/13893/05.12.2016/02.01.2017</subfield>
    <subfield code="g">1195.00</subfield>
    <subfield code="l">5</subfield>
    <subfield code="m">2</subfield>
    <subfield code="o">342.54 OXF</subfield>
    <subfield code="p">B-650163</subfield>
    <subfield code="r">2023-12-29 00:00:00</subfield>
    <subfield code="s">2023-12-04</subfield>
    <subfield code="t">1</subfield>
    <subfield code="v">1195.00</subfield>
    <subfield code="y">EN</subfield>
  </datafield>
  <datafield tag="952" ind1=" " ind2=" ">
    <subfield code="0">0</subfield>
    <subfield code="1">0</subfield>
    <subfield code="4">0</subfield>
    <subfield code="7">0</subfield>
    <subfield code="8">NFIC</subfield>
    <subfield code="a">JP</subfield>
    <subfield code="b">JP</subfield>
    <subfield code="d">2017-03-16</subfield>
    <subfield code="e">BPPD/EN/2016-17/307/24.11.2016/13893/05.12.2016/02.01.2017</subfield>
    <subfield code="g">1195.00</subfield>
    <subfield code="l">5</subfield>
    <subfield code="m">1</subfield>
    <subfield code="o">342.54 OXF</subfield>
    <subfield code="p">B-650164</subfield>
    <subfield code="r">2024-10-28 00:00:00</subfield>
    <subfield code="s">2024-10-18</subfield>
    <subfield code="t">1</subfield>
    <subfield code="v">1195.00</subfield>
    <subfield code="y">EN</subfield>
  </datafield>
  <datafield tag="952" ind1=" " ind2=" ">
    <subfield code="0">0</subfield>
    <subfield code="1">0</subfield>
    <subfield code="4">0</subfield>
    <subfield code="7">0</subfield>
    <subfield code="8">NFIC</subfield>
    <subfield code="a">ZLS</subfield>
    <subfield code="b">ZLS</subfield>
    <subfield code="d">2017-03-16</subfield>
    <subfield code="e">BPPD/EN/2016-17/307/24.11.2016/13893/05.12.2016/02.01.2017</subfield>
    <subfield code="g">1195.00</subfield>
    <subfield code="l">15</subfield>
    <subfield code="m">11</subfield>
    <subfield code="o">342.54 OXF</subfield>
    <subfield code="p">B-650165</subfield>
    <subfield code="r">2023-06-08 00:00:00</subfield>
    <subfield code="s">2023-05-12</subfield>
    <subfield code="t">1</subfield>
    <subfield code="v">1195.00</subfield>
    <subfield code="y">EN</subfield>
  </datafield>
  <datafield tag="952" ind1=" " ind2=" ">
    <subfield code="0">0</subfield>
    <subfield code="1">0</subfield>
    <subfield code="4">0</subfield>
    <subfield code="7">0</subfield>
    <subfield code="8">NFIC</subfield>
    <subfield code="a">ZLS</subfield>
    <subfield code="b">ZLS</subfield>
    <subfield code="d">2017-03-16</subfield>
    <subfield code="e">BPPD/EN/2016-17/307/24.11.2016/13893/05.12.2016/02.01.2017</subfield>
    <subfield code="g">1195.00</subfield>
    <subfield code="l">10</subfield>
    <subfield code="m">8</subfield>
    <subfield code="o">342.54 OXF</subfield>
    <subfield code="p">B-650166</subfield>
    <subfield code="r">2023-10-06 00:00:00</subfield>
    <subfield code="s">2023-09-22</subfield>
    <subfield code="t">1</subfield>
    <subfield code="v">1195.00</subfield>
    <subfield code="y">EN</subfield>
  </datafield>
  <datafield tag="952" ind1=" " ind2=" ">
    <subfield code="0">0</subfield>
    <subfield code="1">0</subfield>
    <subfield code="4">0</subfield>
    <subfield code="7">0</subfield>
    <subfield code="8">NFIC</subfield>
    <subfield code="a">VP</subfield>
    <subfield code="b">VP</subfield>
    <subfield code="d">2017-03-16</subfield>
    <subfield code="e">BPPD/EN/2016-17/307/24.11.2016/13893/05.12.2016/02.01.2017</subfield>
    <subfield code="g">1195.00</subfield>
    <subfield code="l">12</subfield>
    <subfield code="m">5</subfield>
    <subfield code="o">342.54 OXF</subfield>
    <subfield code="p">B-650167</subfield>
    <subfield code="r">2022-01-10 00:00:00</subfield>
    <subfield code="s">2021-11-29</subfield>
    <subfield code="t">1</subfield>
    <subfield code="v">1195.00</subfield>
    <subfield code="y">EN</subfield>
  </datafield>
  <datafield tag="952" ind1=" " ind2=" ">
    <subfield code="0">0</subfield>
    <subfield code="1">0</subfield>
    <subfield code="4">0</subfield>
    <subfield code="7">0</subfield>
    <subfield code="8">NFIC</subfield>
    <subfield code="a">BN</subfield>
    <subfield code="b">BN</subfield>
    <subfield code="d">2017-03-16</subfield>
    <subfield code="e">BPPD/EN/2016-17/307/24.11.2016/13893/05.12.2016/02.01.2017</subfield>
    <subfield code="g">1195.00</subfield>
    <subfield code="l">5</subfield>
    <subfield code="m">1</subfield>
    <subfield code="o">342.54 OXF</subfield>
    <subfield code="p">B-650168</subfield>
    <subfield code="r">2021-08-31 00:00:00</subfield>
    <subfield code="s">2021-08-23</subfield>
    <subfield code="t">1</subfield>
    <subfield code="v">1195.00</subfield>
    <subfield code="y">EN</subfield>
  </datafield>
  <datafield tag="952" ind1=" " ind2=" ">
    <subfield code="0">0</subfield>
    <subfield code="1">0</subfield>
    <subfield code="4">0</subfield>
    <subfield code="7">0</subfield>
    <subfield code="8">NFIC</subfield>
    <subfield code="a">NR</subfield>
    <subfield code="b">NR</subfield>
    <subfield code="d">2017-03-16</subfield>
    <subfield code="e">BPPD/EN/2016-17/307/24.11.2016/13893/05.12.2016/02.01.2017</subfield>
    <subfield code="g">1195.00</subfield>
    <subfield code="l">0</subfield>
    <subfield code="o">342.54 OXF</subfield>
    <subfield code="p">B-650169</subfield>
    <subfield code="r">2017-03-16 00:00:00</subfield>
    <subfield code="t">1</subfield>
    <subfield code="v">1195.00</subfield>
    <subfield code="y">EN</subfield>
  </datafield>
  <datafield tag="952" ind1=" " ind2=" ">
    <subfield code="0">0</subfield>
    <subfield code="1">0</subfield>
    <subfield code="4">0</subfield>
    <subfield code="7">0</subfield>
    <subfield code="8">NFIC</subfield>
    <subfield code="a">BL4</subfield>
    <subfield code="b">BL4</subfield>
    <subfield code="d">2017-03-16</subfield>
    <subfield code="e">BPPD/EN/2016-17/307/24.11.2016/13893/05.12.2016/02.01.2017</subfield>
    <subfield code="g">1195.00</subfield>
    <subfield code="l">3</subfield>
    <subfield code="m">2</subfield>
    <subfield code="o">342.54 OXF</subfield>
    <subfield code="p">B-650170</subfield>
    <subfield code="q">2021-04-20</subfield>
    <subfield code="r">2021-04-06 00:00:00</subfield>
    <subfield code="s">2021-04-06</subfield>
    <subfield code="t">1</subfield>
    <subfield code="v">1195.00</subfield>
    <subfield code="y">EN</subfield>
  </datafield>
  <datafield tag="952" ind1=" " ind2=" ">
    <subfield code="0">0</subfield>
    <subfield code="1">0</subfield>
    <subfield code="4">0</subfield>
    <subfield code="7">0</subfield>
    <subfield code="8">NFIC</subfield>
    <subfield code="a">AV</subfield>
    <subfield code="b">AV</subfield>
    <subfield code="d">2018-03-01</subfield>
    <subfield code="e">Uppal/14146/27.2.2017/EN/AV/473/15.2.2017/7.3.2017</subfield>
    <subfield code="g">1295.00</subfield>
    <subfield code="l">0</subfield>
    <subfield code="o">342.54 OXF</subfield>
    <subfield code="p">B-664936</subfield>
    <subfield code="r">2018-03-01 00:00:00</subfield>
    <subfield code="t">1</subfield>
    <subfield code="v">1295.00</subfield>
    <subfield code="w">2018-03-01</subfield>
    <subfield code="y">EN</subfield>
  </datafield>
</record>
